Online
Catalog

Antología / (Record no. 2406)

MARC details
000 -CABECERA
campo de control de longitud fija 00803cam a2200253 i 4500
001 - NÚMERO DE CONTROL
campo de control 000002570
005 - FECHA Y HORA DE LA ÚLTIMA TRANSACCIÓN
campo de control 20200929150220.0
008 - DATOS DE LONGITUD FIJA--INFORMACIÓN GENERAL
campo de control de longitud fija 780928s1978 sp 000 p spa
020 ## - NÚMERO INTERNACIONAL ESTÁNDAR DEL LIBRO
Número Internacional Estándar del Libro 847222354X
040 ## - FUENTE DE LA CATALOGACIÓN
Centro catalogador/agencia de origen DO-SdBNP
Lengua de catalogación spa
Centro/agencia transcriptor BNPHU
082 ## - NÚMERO DE LA CLASIFICACIÓN DECIMAL DEWEY
Número de clasificación N861.08
Número de documento/Ítem C266a
100 1# - ENTRADA PRINCIPAL--NOMBRE DE PERSONA
Nombre de persona Cardenal, Ernesto.
Fechas asociadas al nombre 1925-
9 (RLIN) 8090
245 10 - MENCIÓN DE TÍTULO
Título Antología /
Mención de responsabilidad, etc. Ernesto Cardenal ; prólogo José M. Vlverde.
260 ## - PUBLICACIÓN, DISTRIBUCIÓN, ETC.
Lugar de publicación, distribución, etc. Barcelona :
Nombre del editor, distribuidor, etc. Editorial Laia,
Fecha de publicación, distribución, etc. 1978.
300 ## - DESCRIPCIÓN FÍSICA
Extensión 280 p. ;
Dimensiones 19 cm.
490 1# - MENCIÓN DE SERIE
Mención de serie Ediciones de bolsillo
Designación de volumen o secuencia 532
490 1# - MENCIÓN DE SERIE
Mención de serie Literatura
500 ## - NOTA GENERAL
Nota general Poemas
650 #4 - PUNTO DE ACCESO ADICIONAL DE MATERIA--TÉRMINO DE MATERIA
Término de materia o nombre geográfico como elemento de entrada Poesía nicaragüense
Subdivisión general Colecciones
9 (RLIN) 8091
650 #4 - PUNTO DE ACCESO ADICIONAL DE MATERIA--TÉRMINO DE MATERIA
Término de materia o nombre geográfico como elemento de entrada Literatura nicaragüense
Subdivisión general Colecciones
9 (RLIN) 8092
700 12 - PUNTO DE ACCESO ADICIONAL--NOMBRE DE PERSONA
Nombre de persona Vlverde, José M.
Término indicativo de función/relación pról.
9 (RLIN) 8093
830 #0 - PUNTO DE ACCESO ADICIONAL DE SERIE-TÍTULO UNIFORME
Título uniforme Ediciones de bolsillo ;
Número de parte o sección de la obra 532
9 (RLIN) 8094
830 #0 - PUNTO DE ACCESO ADICIONAL DE SERIE-TÍTULO UNIFORME
Título uniforme Literatura
9 (RLIN) 8095
Holdings
Estado de retiro Estado de pérdida Restricciones de uso No para préstamo Código de colección Localización permanente Ubicación/localización actual Ubicación en estantería Fecha de adquisición Número de inventario Total de préstamos Signatura topográfica completa Código de barras Fecha visto por última vez Precio válido a partir de Tipo de ítem Koha Número de copia
      Excluido de préstamo Monografías: Libros y Folletos General General Depósito 03.07.2009 LF1   N861.08 C266a 2570-10 25.06.2020 25.06.2020 No se presta  
  Extraviado   Excluido de préstamo Monografías: Libros y Folletos General General Extraviado 05.04.2017 LF1   N861.08 C266a 2570-20 25.06.2020 25.06.2020 No se presta e. 2

Powered by Koha